<?xml version="1.0" encoding="UTF-8"?>
<collection xmlns="http://www.loc.gov/MARC21/slim">
 <record>
  <leader>01521nam a22002297a 4500</leader>
  <controlfield tag="001">NCT_123833</controlfield>
  <controlfield tag="008">200522b        xxu||||| |||| 00| 0 vie d</controlfield>
  <datafield tag="999" ind1=" " ind2=" ">
   <subfield code="c">6343</subfield>
   <subfield code="d">6343</subfield>
  </datafield>
  <datafield tag="022" ind1=" " ind2=" ">
   <subfield code="a">0866-7675</subfield>
  </datafield>
  <datafield tag="041" ind1="0" ind2=" ">
   <subfield code="a">vie</subfield>
  </datafield>
  <datafield tag="082" ind1="0" ind2="4">
   <subfield code="2">23rd ed.</subfield>
   <subfield code="a">378</subfield>
   <subfield code="b">T109C</subfield>
  </datafield>
  <datafield tag="245" ind1="0" ind2="0">
   <subfield code="a">Tạp chí khoa học Đại học Đồng Tháp :</subfield>
   <subfield code="b">Chuyên san khoa học xã hội và nhân văn = Dong Thap university journal of science : Social sciences and humanities issue</subfield>
   <subfield code="n">Tập 9 - Số 2</subfield>
   <subfield code="c">Trường Đại học Đồng Tháp</subfield>
  </datafield>
  <datafield tag="260" ind1=" " ind2=" ">
   <subfield code="a">Đồng Tháp</subfield>
   <subfield code="b">Trường Đại học Đồng Tháp</subfield>
   <subfield code="c">2020</subfield>
  </datafield>
  <datafield tag="300" ind1=" " ind2=" ">
   <subfield code="c">27cm</subfield>
  </datafield>
  <datafield tag="310" ind1=" " ind2=" ">
   <subfield code="a">2 tháng 1 kỳ</subfield>
  </datafield>
  <datafield tag="362" ind1=" " ind2=" ">
   <subfield code="a">4/2020</subfield>
  </datafield>
  <datafield tag="520" ind1="3" ind2=" ">
   <subfield code="a">Nội dung gồm Huấn đức của Hồ Chí Minh:&quot; Lấy tự học làm cốt. Do thảo luận và chỉ đạo giúp vào; Quản lý hoạt động bồi dưỡng giáo viên các trường mầm non trên điạ bàn thành phố Quy Nhơn, tỉnh Bình Định theo Chuẩn chức danh nghề nghiệp; Phát triển văn hóa đọc cho sinh viên Trường Đại học Đồng Tháp;... </subfield>
  </datafield>
  <datafield tag="655" ind1=" " ind2=" ">
   <subfield code="a">Tạp chí</subfield>
  </datafield>
  <datafield tag="942" ind1=" " ind2=" ">
   <subfield code="2">ddc</subfield>
   <subfield code="c">CR</subfield>
  </datafield>
  <datafield tag="952" ind1=" " ind2=" ">
   <subfield code="0">0</subfield>
   <subfield code="1">0</subfield>
   <subfield code="2">ddc</subfield>
   <subfield code="4">0</subfield>
   <subfield code="6">378_000000000000000_T109C</subfield>
   <subfield code="7">0</subfield>
   <subfield code="9">23942</subfield>
   <subfield code="a">000001</subfield>
   <subfield code="b">000001</subfield>
   <subfield code="d">2022-05-13</subfield>
   <subfield code="o">378 T109C</subfield>
   <subfield code="r">2022-05-13</subfield>
   <subfield code="w">2022-05-13</subfield>
   <subfield code="y">CR</subfield>
  </datafield>
  <datafield tag="952" ind1=" " ind2=" ">
   <subfield code="0">0</subfield>
   <subfield code="1">0</subfield>
   <subfield code="2">ddc</subfield>
   <subfield code="4">0</subfield>
   <subfield code="6">378_000000000000000_T109C</subfield>
   <subfield code="7">0</subfield>
   <subfield code="9">23943</subfield>
   <subfield code="a">000001</subfield>
   <subfield code="b">000001</subfield>
   <subfield code="d">2022-05-13</subfield>
   <subfield code="o">378 T109C</subfield>
   <subfield code="r">2022-05-13</subfield>
   <subfield code="w">2022-05-13</subfield>
   <subfield code="y">CR</subfield>
  </datafield>
  <datafield tag="980" ind1=" " ind2=" ">
   <subfield code="a">Thư viện Trường Đại học Nam Cần Thơ</subfield>
  </datafield>
 </record>
</collection>
